00674nam a2200241 a 4500001001300000003000900013005001700022008004100039020001000080082001500090100002100105245002500126260004100151300000900192500003500201505001000236650002000246700002100266902000800287942000700295952011500302999001500417nice12345678IN_TiNIC20260116011530.0050524s1962 newa grp 000 0 eng  ac62500a299.6bMEN aMendolsohn, Jack aGod, Allah and Ju Ju aNew YorkbThomas Nelson & Sonsc1962 a240p aincludes index and biblioraphy2 aIndex aReligion-Africa1 aMendolsohn, Jack bSRS cBK 001040708StackRoom-aHMIbHMId2005-05-24g625.00l0o299.6 MENp02873r2005-05-24v625.00w2005-05-24yBK c2374d2374